Statistics for Highest Goalscorers in the Champions League From Scandinavia

Click here to take the quiz!

General Stats

  • This quiz has been taken 78 times
  • The average score is 6 of 19

Answer Stats

#GoalsApps.YearsMain Team(s)Answer% Correct
1481242002-'16, 2017-'18, 2021-'22Paris Saint-Germain, AC MilanZlatan Ibrahimović
99%
235272019-Borussia Dortmund, Manchester CityErling Haaland
94%
419771996-'04, 2006-'07Manchester UnitedOle Gunnar Solskjær
81%
813641999-2007ArsenalFreddie Ljungberg
68%
323591991-'92, 1994-'97, 1998-'00, 2001-'04Ajax Amsterdam, LiverpoolJari Litmanen
58%
1410411981-'82, 1985-'87, 1991-'94, 1995-'96Juventus, BarcelonaMichael Laudrup
54%
1410412014-'15, 2017-'18, 2019-RB Leipzig, Malmö FFEmil Forsberg
36%
168141999-2000ChelseaTore André Flo
30%
1311421997-'98, 1999-'00, 2001-'05Feyenoord, AC MilanJon Dahl Tomasson
28%
518541999-'01, 2002-'03, 2005-'07Valencia, Olympique LyonJohn Carew
26%
1012251972-'73, 1975-'78, 1985-'86Borussia Mönchengladbach, Vejle BKAllan Simonsen
23%
714441977-'78, 1979-'81, 1982-'83, 1985-'86, 1987-'90Ajax Amsterdam, PSV EindhovenSøren Lerby
12%
1211381991-'92, 1995-'98, 2001-'03, 2004-'05RosenborgHarald Brattbakk
10%
912231973-1977Bayern Munich, Åtvidabergs FFConny Torstensson
9%
614141984-1986IFK GöteborgTorbjörn Nilsson
9%
188211985-'86, 1987-'88, 1989-'90, 1991-'92Benfica, Servette FCMats Magnusson
3%
178191996-'99, 2001-'02RosenborgSigurd Rushfeldt
3%
198291984-'86, 1991-'93, 1997-'98IFK GöteborgJohnny Ekström
0%
1112741989-'90, 1991-'92, 1995-'03, 2004-'06, 2007-'08RosenborgRoar Strand
0%

Score Distribution

Percentile by Number Answered

Percent of People with Each Score

Your Score History

You have not taken this quiz